|
|
|
|
| LEADER |
00000nam a22000007a 4500 |
| 005 |
20211125202837.0 |
| 007 |
cr|||| |||| |
| 008 |
211125c20089999za fr|w s|||| 0|||b1eng d |
| 022 |
|
|
|a 1999-7639
|
| 035 |
|
|
|a 33747
|
| 040 |
|
|
|a vLex
|
| 090 |
|
|
|c 12688
|d 12688
|
| 245 |
0 |
0 |
|a South African Journal of Bioethics and Law
|h [Recurso electrn̤ico] /
|
| 256 |
|
|
|a Servicio en ln̕ea
|
| 260 |
|
|
|a Pretoria:
|b Sabinet African Journals,
|c 2008 -
|
| 300 |
|
|
|a 1 recurso electrn̤ico
|
| 310 |
|
|
|a Semestral
|
| 362 |
|
|
|a Nð 1-1 (Jun. 2008) -
|
| 500 |
|
|
|a The South African Journal of Bioethics and Law is a bi-annual journal for health professionals dealing with bioethics, law, human rights and related topics.
|
| 506 |
1 |
|
|a Disponible solo en los productos indicados
|d vLex Global
|d vLex Global (Academic Edition, excluding Law Schools)
|d vLex Global (U.S. Academic Edition, Law Schools)
|d vLex Global (U.S. Academic Edition, excluding Law Schools)
|d vLex Global (Academic Edition, Law Schools)
|
| 650 |
0 |
4 |
|a Derecho Civil
|z Sudf̀rica
|
| 740 |
0 |
|
|a vLex Revistas (Servicio en ln̕ea)
|
| 856 |
4 |
0 |
|u https://app.vlex.com/#/sources/33747
|z Acceso restringido
|
| 942 |
|
|
|c REV
|
| 999 |
0 |
|
|a Civil Law
|